<?xml version="1.0" encoding="UTF-8"?><?xml-stylesheet type="text/xsl" href="static/style.xsl"?><OAI-PMH xmlns="http://www.openarchives.org/OAI/2.0/" xmlns:xsi="http://www.w3.org/2001/XMLSchema-instance" xsi:schemaLocation="http://www.openarchives.org/OAI/2.0/ http://www.openarchives.org/OAI/2.0/OAI-PMH.xsd"><responseDate>2026-04-17T19:28:45Z</responseDate><request verb="GetRecord" identifier="oai:www.recercat.cat:20.500.12327/926" metadataPrefix="marc">https://recercat.cat/oai/request</request><GetRecord><record><header><identifier>oai:recercat.cat:20.500.12327/926</identifier><datestamp>2025-10-22T11:06:07Z</datestamp><setSpec>com_2072_4428</setSpec><setSpec>com_2072_4427</setSpec><setSpec>col_2072_487898</setSpec></header><metadata><record xmlns="http://www.loc.gov/MARC21/slim" xmlns:dcterms="http://purl.org/dc/terms/" xmlns:xsi="http://www.w3.org/2001/XMLSchema-instance" xmlns:doc="http://www.lyncode.com/xoai" xsi:schemaLocation="http://www.loc.gov/MARC21/slim http://www.loc.gov/standards/marcxml/schema/MARC21slim.xsd">
   <leader>00925njm 22002777a 4500</leader>
   <datafield ind2=" " ind1=" " tag="042">
      <subfield code="a">dc</subfield>
   </datafield>
   <datafield ind2=" " ind1=" " tag="720">
      <subfield code="a">Škrlep, Martin</subfield>
      <subfield code="e">author</subfield>
   </datafield>
   <datafield ind2=" " ind1=" " tag="720">
      <subfield code="a">Tomaševic, Igor</subfield>
      <subfield code="e">author</subfield>
   </datafield>
   <datafield ind2=" " ind1=" " tag="720">
      <subfield code="a">Mörlein, Daniel</subfield>
      <subfield code="e">author</subfield>
   </datafield>
   <datafield ind2=" " ind1=" " tag="720">
      <subfield code="a">Novakovic, Saša</subfield>
      <subfield code="e">author</subfield>
   </datafield>
   <datafield ind2=" " ind1=" " tag="720">
      <subfield code="a">Egea, Macarena</subfield>
      <subfield code="e">author</subfield>
   </datafield>
   <datafield ind2=" " ind1=" " tag="720">
      <subfield code="a">Garrido, María Dolores</subfield>
      <subfield code="e">author</subfield>
   </datafield>
   <datafield ind2=" " ind1=" " tag="720">
      <subfield code="a">Linares, María Belén</subfield>
      <subfield code="e">author</subfield>
   </datafield>
   <datafield ind2=" " ind1=" " tag="720">
      <subfield code="a">Peñaranda, Irene</subfield>
      <subfield code="e">author</subfield>
   </datafield>
   <datafield ind2=" " ind1=" " tag="720">
      <subfield code="a">Aluwé, Marijke</subfield>
      <subfield code="e">author</subfield>
   </datafield>
   <datafield ind2=" " ind1=" " tag="720">
      <subfield code="a">Font-i-Furnols, Maria</subfield>
      <subfield code="e">author</subfield>
   </datafield>
   <datafield ind2=" " ind1=" " tag="260">
      <subfield code="c">2020-09-26</subfield>
   </datafield>
   <datafield ind2=" " ind1=" " tag="520">
      <subfield code="a">Due to the strong public initiative in Europe and increased regulator focus to mitigate pain, surgical castration of pigs is being gradually abandoned, while the importance of other sex categories like entire males (EM) and immunocastrates (IC) increases. Although beneficial for animal welfare and economics, their use also brings forward several quality problems. Besides the occurrence of boar taint in EM, these include excessive carcass leanness, softer fat, meat color and pH deviations, inferior water holding capacity and increased meat toughness. In this paper, the raw material differences between the male sex categories and their influence on product quality are reviewed, and possible solutions are presented. Using EM for dried or thermally processed products may result in lower processing yields and inferior sensory quality, which may partially be prevented by applying specific processing adaptations. Immunocastration is a viable solution, especially when prolonging the vaccination to slaughter interval. Low to medium levels of boar taint can be effectively managed in most of the meat products, applying procedures like cooking, microbial inoculation or masking (by spices and especially smoking), while highly tainted material can be valorized only by combining various methods and/or with dilution of the tainted meat.</subfield>
   </datafield>
   <datafield ind1="8" ind2=" " tag="024">
      <subfield code="a">Škrlep, Martin, Igor Tomašević, Daniel Mörlein, Saša Novaković, Macarena Egea, María Dolores Garrido, María Belén Linares, Irene Peñaranda, Marijke Aluwé, and Maria Font-i-Furnols. 2020. "The Use Of Pork From Entire Male And Immunocastrated Pigs For Meat Products—An Overview With Recommendations". Animals 10 (10): 1754. doi:10.3390/ani10101754.</subfield>
   </datafield>
   <datafield ind1="8" ind2=" " tag="024">
      <subfield code="a">2076-2615</subfield>
   </datafield>
   <datafield ind1="8" ind2=" " tag="024">
      <subfield code="a">http://hdl.handle.net/20.500.12327/926</subfield>
   </datafield>
   <datafield ind1="8" ind2=" " tag="024">
      <subfield code="a">https://doi.org/10.3390/ani10101754</subfield>
   </datafield>
   <datafield ind2="0" ind1="0" tag="245">
      <subfield code="a">The Use of Pork from Entire Male and Immunocastrated Pigs for Meat Products—An Overview with Recommendations</subfield>
   </datafield>
</record></metadata></record></GetRecord></OAI-PMH>